| 000 | 00503nam a2200181Ia 4500 | ||
|---|---|---|---|
| 005 | 20250317123211.0 | ||
| 008 | 008 250317s9999 xx 000 0 eng d | ||
| 037 | _aTextbook | ||
| 040 |
_aFMSL _beng _cFMSL |
||
| 041 |
_aeng _2eng |
||
| 084 |
_aB28 K8 _qFMSL |
||
| 100 |
_aAnderson T R _9735384 |
||
| 245 | 0 | _aBasic course in statistics | |
| 260 |
_aNY Holt _bNY Holt, Rinhart _c1968 |
||
| 300 | _a334p | ||
| 942 |
_cTB _hB28 K8 |
||
| 999 |
_c1250290 _d1250290 |
||